[Event "4NCL/Div3/BAB vs. OXF3"]
[Site "Hinckley Island ENG"]
[Date "2010.01.17"]
[Round "4.2"]
[White "Wedge, David C"]
[Black "Carpenter, David J"]
[Result "1/2-1/2"]
[WhiteElo "1954"]
[BlackElo "1983"]
[PlyCount "108"]
[EventDate "2010.01.17"]
[SourceDate "2009.10.24"]

1. e4 d5 2. exd5 Qxd5 3. Nc3 Qa5 4. d4 Nf6 5. Bc4 Bf5 6. Nf3 e6 7. Bd2 c6 8.
O-O Nbd7 9. Re1 Qc7 10. Ne5 Bd6 11. f4 Nb6 12. Bb3 O-O 13. h3 Bxe5 14. dxe5
Nfd5 15. Qf3 Bg6 16. Ne4 Bxe4 17. Qxe4 Nd7 18. c4 Nc5 19. Qd4 Nxb3 20. axb3 Qb6
21. Qxb6 Nxb6 22. Bb4 Rfd8 23. Bd6 Rd7 24. Bc5 Rdd8 25. Red1 Rxd1+ 26. Rxd1 h6
27. Kf2 Kh7 28. Kf3 Rc8 29. Bxb6 axb6 30. Rd7 Ra8 31. Rxb7 Ra2 32. Rxb6 Rxb2
33. g4 c5 34. h4 g6 35. Rb5 h5 36. g5 Kg7 37. Rb8 Rh2 38. Kg3 Rb2 39. Kf3 Rh2
40. Rc8 Rh3+ 41. Ke4 Rxh4 42. Rxc5 Rh3 43. b4 h4 44. Rc8 Rb3 45. b5 h3 46. Ra8
h2 47. Ra1 Kf8 48. Rh1 Rb2 49. Kd4 Ke7 50. Kc5 Kd7 51. Kb6 Kc8 52. c5 Rc2 53.
Kc6 Ra2 54. b6 Rd2 1/2-1/2

[Event "4NCL/Div3/BAB vs. OXF3"]
[Site "Hinckley Island ENG"]
[Date "2010.01.17"]
[Round "4.3"]
[White "Davies, Matthew"]
[Black "Zhang, Marco"]
[Result "1-0"]
[WhiteElo "1956"]
[BlackElo "1938"]
[PlyCount "49"]
[EventDate "2010.01.17"]
[SourceDate "2009.10.24"]

1. d4 Nf6 2. c4 e6 3. Nc3 d5 4. Bg5 Be7 5. cxd5 Nxd5 6. Bxe7 Nxe7 7. Nf3 O-O 8.
e4 b6 9. Bc4 Bb7 10. O-O Nd7 11. b4 Nf6 12. Qd3 c6 13. Rfd1 Qc7 14. Ng5 Qf4 15.
Nh3 Qh4 16. Rac1 Rfd8 17. Qe3 Rac8 18. f3 Ng6 19. a4 e5 20. d5 cxd5 21. Nxd5
Bxd5 22. Bxd5 Nxd5 23. Rxc8 Nxe3 24. Rdxd8+ Qxd8 25. Rxd8+ 1-0

[Event "4NCL/Div3/BAB vs. OXF3"]
[Site "Hinckley Island ENG"]
[Date "2010.01.17"]
[Round "4.4"]
[White "Terry, Sean"]
[Black "Foster, William E"]
[Result "1/2-1/2"]
[WhiteElo "1867"]
[BlackElo "1800"]
[PlyCount "36"]
[EventDate "2010.01.17"]
[SourceDate "2009.10.24"]

1. d4 d5 2. Nf3 Bf5 3. c4 e6 4. Nc3 c6 5. g3 Nf6 6. Qb3 Qb6 7. c5 Qxb3 8. axb3
Na6 9. Ra4 Bc2 10. Nd2 Be7 11. e3 Nc7 12. Ra5 b6 13. cxb6 axb6 14. Rxa8+ Nxa8
15. Be2 O-O 16. Bd1 Bd3 17. Be2 Bc2 18. Bd1 Bd3 1/2-1/2

[Event "4NCL/Div3/BAB vs. OXF3"]
[Site "Hinckley Island ENG"]
[Date "2010.01.17"]
[Round "4.5"]
[White "Sivakumar, Athman"]
[Black "Langham, Rod E"]
[Result "0-1"]
[WhiteElo "1818"]
[BlackElo "1786"]
[PlyCount "78"]
[EventDate "2010.01.17"]
[SourceDate "2009.10.24"]

1. e4 e6 2. d4 d5 3. e5 c5 4. c3 Bd7 5. Nf3 Nc6 6. Be2 Qb6 7. O-O Nge7 8. Na3
cxd4 9. cxd4 Nf5 10. Nc2 Rc8 11. h3 Na5 12. Bd3 Bb5 13. Re1 Bxd3 14. Qxd3 Bb4
15. Nxb4 Qxb4 16. Bd2 Qb6 17. Bxa5 Qxa5 18. Rac1 O-O 19. g4 Ne7 20. a3 Nc6 21.
Ng5 g6 22. f4 Qd8 23. h4 Qd7 24. h5 h6 25. Nf3 Kg7 26. hxg6 fxg6 27. Nh4 Ne7
28. Rxc8 Qxc8 29. Rf1 Qc4 30. Qe3 g5 31. Rc1 gxf4 32. Qd2 Qb3 33. Rc3 Qb6 34.
Nf3 Rf7 35. b4 Ng6 36. g5 hxg5 37. Nxg5 Rf5 38. Rc7+ Kg8 39. Rc8+ Nf8 $138 0-1

[Event "4NCL/Div3/BAB vs. OXF3"]
[Site "Hinckley Island ENG"]
[Date "2010.01.17"]
[Round "4.6"]
[White "Henbest, Kevin B"]
[Black "Corcoran, Gary"]
[Result "1-0"]
[WhiteElo "1746"]
[BlackElo "1866"]
[PlyCount "63"]
[EventDate "2010.01.17"]
[SourceDate "2009.10.24"]

1. e4 c5 2. Nf3 d6 3. d4 cxd4 4. Nxd4 Nf6 5. Nc3 a6 6. f4 Qc7 7. Bd3 e6 8. O-O
Be7 9. Kh1 b5 10. a3 Bb7 11. Qe1 Nbd7 12. Nf3 Nc5 13. e5 Nxd3 14. cxd3 Nd5 15.
Bd2 O-O 16. Rc1 Qd7 17. Qg3 f6 18. d4 Rac8 19. h4 Nxc3 20. Bxc3 Rc4 21. h5 Rfc8
22. h6 g6 23. Nh4 Kh8 24. f5 g5 25. fxe6 Qxe6 26. exf6 Bxf6 27. d5 gxh4 28.
dxe6 hxg3 29. Bxf6+ Kg8 30. Rxc4 Rxc4 31. Bg7 Rc8 32. e7 1-0

[Event "4NCL/Div3/CAMB2 vs. HAL"]
[Site "Hinckley Island ENG"]
[Date "2010.01.17"]
[Round "4.2"]
[White "Hope, Gary"]
[Black "Lee, Richard WY"]
[Result "1/2-1/2"]
[WhiteElo "1938"]
[BlackElo "2058"]
[PlyCount "103"]
[EventDate "2010.01.17"]
[SourceDate "2009.10.24"]

1. e4 c5 2. Nf3 d6 3. d4 cxd4 4. Nxd4 Nf6 5. Nc3 a6 6. Bc4 e6 7. Bb3 Nbd7 8. f4
b5 9. f5 Nc5 10. fxe6 fxe6 11. O-O Be7 12. Be3 Bd7 13. Qf3 O-O 14. Qg3 Nxb3 15.
axb3 b4 16. Na4 Nxe4 17. Rxf8+ Bxf8 18. Qf3 d5 19. Rf1 Nf6 20. g4 e5 21. Nf5
Bxf5 22. Qxf5 Qc8 23. Nb6 Qxf5 24. Rxf5 Rb8 25. g5 Ng4 26. Nxd5 Rd8 27. h3 g6
28. Rf3 e4 29. Nf6+ Kg7 30. Nxe4 Rd1+ 31. Kg2 Nxe3+ 32. Rxe3 Rb1 33. Re2 Rxb2
34. Nf6 h6 35. h4 hxg5 36. hxg5 Ra2 37. Nd5 Kf7 38. Ne3 Bc5 39. Nc4 Ra1 40.
Ne5+ Kg7 41. Nf3 Rc1 42. Kh3 Rf1 43. Kg4 Rf2 44. Rxf2 Bxf2 45. Ne5 Bc5 46. Kf3
a5 47. Kg4 Bd6 48. Kf4 Kf8 49. Ke4 Kg7 50. Kf4 Kf8 51. Ke4 Kg7 52. Kf4 1/2-1/2

[Event "4NCL/Div3/CAMB2 vs. HAL"]
[Site "Hinckley Island ENG"]
[Date "2010.01.17"]
[Round "4.3"]
[White "Gooding, Ian"]
[Black "Lee, Darren"]
[Result "1-0"]
[WhiteElo "1986"]
[BlackElo "1890"]
[PlyCount "29"]
[EventDate "2010.01.17"]
[SourceDate "2009.10.24"]

1. e4 c6 2. c4 d5 3. exd5 cxd5 4. cxd5 Nf6 5. Nc3 g6 6. Nf3 Bg7 7. Bc4 O-O 8.
O-O Nbd7 9. Re1 Nb6 10. Bb3 Re8 11. d4 Nbxd5 12. Bg5 Nb6 13. Ne5 Rf8 14. Qf3 h6
15. Bxf6 1-0

[Event "4NCL/Div3/CAMB2 vs. HAL"]
[Site "Hinckley Island ENG"]
[Date "2010.01.17"]
[Round "4.5"]
[White "Campbell, Mark C"]
[Black "Asbury, Jon A"]
[Result "1-0"]
[WhiteElo "2013"]
[BlackElo "1786"]
[PlyCount "61"]
[EventDate "2010.01.17"]
[SourceDate "2009.10.24"]

1. e4 e6 2. d4 d5 3. e5 c5 4. c3 Nc6 5. Nf3 Qb6 6. a3 c4 7. Nbd2 Na5 8. Be2 g6
9. O-O Bg7 10. Rb1 Bd7 11. Re1 Ne7 12. h4 h5 13. Ng5 Nf5 14. g3 f6 15. exf6
Bxf6 16. Ndf3 Kf8 17. Bf4 Kg7 18. Be5 Rae8 19. Bxf6+ Kxf6 20. Ne5 Bc8 21. Ngf7
Rh7 22. Qd2 Ne7 23. Qg5+ Kg7 24. g4 hxg4 25. Bxg4 Nac6 26. Nd6 Rd8 27. Nxc8
Rxc8 28. Nxc6 Nxc6 29. Rxe6 Rh6 30. Qf6+ Kg8 31. Rbe1 1-0

[Event "4NCL/Div3/CAMB2 vs. HAL"]
[Site "Hinckley Island ENG"]
[Date "2010.01.17"]
[Round "4.6"]
[White "Pitt, Chris W"]
[Black "Kourtseva, Julie"]
[Result "0-1"]
[WhiteElo "1698"]
[BlackElo "1706"]
[PlyCount "86"]
[EventDate "2010.01.17"]
[SourceDate "2009.10.24"]

1. e4 d5 2. exd5 Qxd5 3. Nc3 Qa5 4. d4 c6 5. Nf3 Bf5 6. Bd2 Qc7 7. h3 h6 8. g4
Bh7 9. Bg2 Nf6 10. O-O Nbd7 11. Re1 e6 12. g5 hxg5 13. Nxg5 Bf5 14. Qf3 Be7 15.
Bf4 Qb6 16. Be5 Kf8 17. Nge4 Nxe4 18. Nxe4 Nf6 19. Nd6 Bxc2 20. Qc3 Bg6 21.
Nxb7 Bb4 22. Bd6+ Bxd6 23. Nxd6 Nd5 24. Qc4 Qc7 25. Qc5 Kg8 26. Rac1 Rd8 27.
Nb5 cxb5 28. Qxc7 Nxc7 29. Rxc7 Rxd4 30. Rxa7 Rh5 31. Rc1 Re5 32. Rc8+ Kh7 33.
Raa8 Kh6 34. Rh8+ Kg5 35. Ra5 Kf6 36. Rb8 Bd3 37. Bf1 Re1 38. Ra7 Rxf1+ 39. Kg2
Rb1 40. Rbb7 Bg6 41. Rxb5 Rd2 42. a4 Rbxb2 43. Rab7 Be4+ 0-1

[Event "4NCL/Div3/BRI3 vs. AMCAC"]
[Site "Hinckley Island ENG"]
[Date "2010.01.17"]
[Round "4.1"]
[White "Thompson, Robert"]
[Black "Malhotra, Tarun"]
[Result "1-0"]
[WhiteElo "1835"]
[BlackElo "1730"]
[PlyCount "189"]
[EventDate "2010.01.17"]
[SourceDate "2009.10.24"]

1. d4 Nf6 2. Bg5 d5 3. Bxf6 exf6 4. e3 Bf5 5. Nf3 h6 6. c4 Bb4+ 7. Nc3 O-O 8.
Qb3 a5 9. cxd5 b6 10. Bc4 Be4 11. a3 Bxc3+ 12. bxc3 a4 13. Qa2 Ra5 14. Be2 Bxd5
15. c4 Be4 16. O-O Qd6 17. Nd2 Ba8 18. Rab1 Rg5 19. Nf3 Rh5 20. h3 f5 21. Ne5
Rg5 22. Bf3 Bxf3 23. Nxf3 Rh5 24. Rb4 g5 25. Ne5 g4 26. Qe2 f6 27. Ng6 Re8 28.
Qd1 Kf7 29. Nf4 Rg5 30. h4 Rgg8 31. g3 Nc6 32. Rxa4 Ra8 33. Qc2 Ne7 34. c5 Qc6
35. Qc4+ Kg7 36. Ne6+ Kh7 37. Rxa8 Rxa8 38. Nf4 Kg7 39. Qe6 Qxe6 40. Nxe6+ Kf7
41. Nxc7 Rxa3 42. cxb6 Rb3 43. Na8 Nd5 44. Rc1 Nc3 45. Kg2 Kg6 46. b7 Ne4 47.
Rc2 Rxb7 48. Nc7 Rb6 49. Nd5 Rb5 50. Nf4+ Kg7 51. Ne6+ Kf7 52. Nc5 Nd6 53. Ra2
Nc8 54. Ra6 Rb6 55. Ra8 Ne7 56. Ra7 Rc6 57. Nd3 Rb6 58. Nf4 Rd6 59. h5 Kf8 60.
Kf1 Rc6 61. d5 Rd6 62. Ra8+ Kf7 63. Ra5 Ke8 64. Ke2 Kf7 65. Kd3 Nc6 66. Ra8
Ne5+ 67. Kd4 Nd7 68. Ne6 Nb6 69. Ra7+ Rd7 70. Rxd7+ Nxd7 71. Nf4 Ke7 72. Ng6+
Kd6 73. Nh4 Ne5 74. Nxf5+ Kd7 75. Nxh6 Nf3+ 76. Kc5 Ng5 77. Nxg4 f5 78. Ne5+
Kc7 79. f3 Kd8 80. Kd4 Ke7 81. g4 fxg4 82. fxg4 Kd8 83. e4 Kc7 84. Ke3 Kd6 85.
Kf4 Nh7 86. Nf3 Ke7 87. e5 Kd7 88. Kf5 Ke7 89. g5 Kd7 90. Nd2 Ke7 91. Ne4 Kd8
92. e6 Ke7 93. d6+ Kd8 94. g6 Nf8 95. g7 1-0

[Event "4NCL/Div3/BRI3 vs. AMCAC"]
[Site "Hinckley Island ENG"]
[Date "2010.01.17"]
[Round "4.2"]
[White "Upham, John E"]
[Black "Dunlop, Neil J"]
[Result "1/2-1/2"]
[WhiteElo "1658"]
[BlackElo "1802"]
[PlyCount "57"]
[EventDate "2010.01.17"]
[SourceDate "2009.10.24"]

1. d4 Nf6 2. Nf3 g6 3. Nc3 Bg7 4. e4 d6 5. Be3 c6 6. Qd2 Nbd7 7. O-O-O O-O 8.
Bh6 Bxh6 9. Qxh6 Ng4 10. Qd2 Kg7 11. h3 Ngf6 12. e5 Ng8 13. exd6 exd6 14. d5 c5
15. Bd3 a6 16. g4 Ndf6 17. g5 Nh5 18. Ne2 f6 19. Ng3 Nxg3 20. fxg3 f5 21. h4
Ne7 22. h5 b5 23. Qc3+ Kg8 24. hxg6 Nxg6 25. Rh6 b4 26. Qd2 Ra7 27. Rdh1 Rg7
28. Qh2 Rff7 29. g4 1/2-1/2

[Event "4NCL/Div3/BRI3 vs. AMCAC"]
[Site "Hinckley Island ENG"]
[Date "2010.01.17"]
[Round "4.3"]
[White "Stepan, Paul"]
[Black "O'Neill, Tom C"]
[Result "1-0"]
[WhiteElo "1842"]
[BlackElo "1523"]
[PlyCount "79"]
[EventDate "2010.01.17"]
[SourceDate "2009.10.24"]

1. e4 c5 2. Nf3 d6 3. d4 cxd4 4. Nxd4 Nf6 5. Nc3 a6 6. Be2 e5 7. Nb3 Be7 8. Be3
Be6 9. O-O Nbd7 10. Kh1 Rc8 11. f4 Bc4 12. Bxc4 Rxc4 13. Qf3 b5 14. Nd2 Rc6 15.
Rac1 Qc7 16. a3 O-O 17. g4 exf4 18. Bxf4 Ne5 19. Qg3 Ng6 20. g5 Nh5 21. Qg4
Nhxf4 22. Rxf4 Nxf4 23. Qxf4 Qd8 24. Rg1 f6 25. g6 h6 26. Nb3 Rxc3 27. bxc3 d5
28. Nd4 Bd6 29. Qf5 dxe4 30. Ne6 Qa8 31. Nxf8 e3+ 32. Rg2 Qxf8 33. Qe6+ Kh8 34.
Qxe3 Bxa3 35. Re2 f5 36. Qe8 Kg8 37. Qc6 Qf6 38. Re6 Qg5 39. Re8+ Bf8 40. Qd6
1-0

[Event "4NCL/Div3/BRI3 vs. AMCAC"]
[Site "Hinckley Island ENG"]
[Date "2010.01.17"]
[Round "4.4"]
[White "Mitchell, Florence"]
[Black "Woolgar, Steven G"]
[Result "0-1"]
[WhiteElo "1418"]
[BlackElo "1698"]
[PlyCount "78"]
[EventDate "2010.01.17"]
[SourceDate "2009.10.24"]

1. e4 c5 2. d4 cxd4 3. Qxd4 Nc6 4. Qe3 e5 5. Nc3 Nf6 6. Bc4 d6 7. Bd2 Be7 8.
O-O-O O-O 9. Be1 a6 10. Nd5 b5 11. Nxf6+ Bxf6 12. Bd5 Bg5 13. Bxc6 Bxe3+ 14.
fxe3 Bg4 15. Nf3 Bxf3 16. gxf3 Ra7 17. Bb4 Qb6 18. Rxd6 Qxe3+ 19. Rd2 Rc8 20.
Bd5 Rac7 21. Kb1 Qb6 22. Rg2 a5 23. Bc3 Rxc3 24. bxc3 Rxc3 25. Rd1 Rxf3 26. Bc6
g6 27. Bd7 Qc5 28. Rgd2 Qb4+ 29. Kc1 Ra3 30. c3 Rxc3+ 31. Rc2 Rxc2+ 32. Kxc2
Qxe4+ 33. Rd3 Qc4+ 34. Rc3 Qxa2+ 35. Kd3 Qd5+ 36. Kc2 Qxd7 37. Re3 b4 38. Rxe5
Qc7+ 39. Kb1 Qxe5 0-1

[Event "4NCL/Div3/BRI3 vs. AMCAC"]
[Site "Hinckley Island ENG"]
[Date "2010.01.17"]
[Round "4.5"]
[White "Woodruff, David G"]
[Black "Dixit, Kumar"]
[Result "0-1"]
[WhiteElo "1666"]
[BlackElo "1450"]
[PlyCount "62"]
[EventDate "2010.01.17"]
[SourceDate "2009.10.24"]

1. c4 c6 2. Nc3 d5 3. cxd5 cxd5 4. e3 Bf5 5. Nge2 Nc6 6. g3 Nf6 7. Bg2 e6 8.
O-O Nb4 9. a3 Bc2 10. axb4 Bxd1 11. Rxd1 Bxb4 12. Nd4 O-O 13. Ra4 Bxc3 14. bxc3
Qd7 15. Rb4 Rfc8 16. Ba3 e5 17. Nf3 e4 18. Ng5 Qg4 19. Rdb1 Qxg5 20. Rxb7 h5
21. Bd6 h4 22. Bf4 Qh5 23. h3 hxg3 24. fxg3 Qe2 25. R7b2 Rc6 26. Bf1 Qh5 27.
Ra2 g5 28. Be5 g4 29. Bxf6 Rxf6 30. h4 Rf3 31. Kg2 Qe5 0-1

[Event "4NCL/Div3/BRI3 vs. AMCAC"]
[Site "Hinckley Island ENG"]
[Date "2010.01.17"]
[Round "4.6"]
[White "Coates, Christine"]
[Black "Taylor, John-Paul"]
[Result "0-1"]
[WhiteElo "1458"]
[BlackElo "1306"]
[PlyCount "74"]
[EventDate "2010.01.17"]
[SourceDate "2009.10.24"]

1. d4 d5 2. Nf3 Bf5 3. Bf4 Nf6 4. e3 Nbd7 5. Be2 e6 6. Nbd2 c5 7. c3 Qb6 8. Qb3
Qxb3 9. Nxb3 Nh5 10. Bg3 Nxg3 11. hxg3 h6 12. Nxc5 Nxc5 13. dxc5 Bxc5 14. Bb5+
Ke7 15. O-O-O a6 16. Be2 b5 17. Nd4 Bh7 18. Bd3 Bxd3 19. Rxd3 Rac8 20. b4 Bxb4
21. Kd2 Ba5 22. Nc2 Rc4 23. Rb1 Rhc8 24. Nb4 Bxb4 25. Rxb4 R8c5 26. Rxc4 bxc4
27. Rd4 Ra5 28. Rh4 Rxa2+ 29. Ke1 a5 30. g4 a4 31. g5 hxg5 32. Rh8 a3 33. Ra8
Kf6 34. g4 Ke5 35. Ra7 Ke4 36. Rxf7 Kd3 37. Rxg7 Ra1# 0-1

[Event "4NCL/Div3/WWKS2 vs. KJCAK"]
[Site "Hinckley Island ENG"]
[Date "2010.02.20"]
[Round "5.1"]
[White "Hunt, Malcolm A"]
[Black "Jones, William EG"]
[Result "1/2-1/2"]
[WhiteElo "2088"]
[BlackElo "2089"]
[PlyCount "43"]
[EventDate "2010.02.20"]
[SourceDate "2009.10.24"]

1. d4 Nf6 2. Nf3 g6 3. Bf4 Bg7 4. h3 O-O 5. e3 d6 6. c4 Nbd7 7. Nc3 b6 8. Be2
Bb7 9. O-O Re8 10. b4 e5 11. Bh2 e4 12. Nd2 h5 13. a4 Nh7 14. Qb3 a5 15. b5 Ng5
16. Rac1 h4 17. Qc2 f5 18. Nd5 Bxd5 19. cxd5 Ra7 20. Qb3 Nf6 21. Rc3 Re7 22.
Rfc1 1/2-1/2

[Event "4NCL/Div3/WWKS2 vs. KJCAK"]
[Site "Hinckley Island ENG"]
[Date "2010.02.20"]
[Round "5.2"]
[White "Jones, Victor GL"]
[Black "Webster, Paul"]
[Result "1-0"]
[WhiteElo "2073"]
[BlackElo "2106"]
[PlyCount "47"]
[EventDate "2010.02.20"]
[SourceDate "2009.10.24"]

1. e4 d6 2. d4 g6 3. Nc3 Bg7 4. f4 Nf6 5. Nf3 Na6 6. Bd3 O-O 7. O-O c5 8. d5
Rb8 9. e5 dxe5 10. Bxa6 bxa6 11. fxe5 Nd7 12. Qe2 Nb6 13. Rd1 Bb7 14. Bf4 Qc8
15. e6 Ra8 16. Ng5 f6 17. Nf7 c4 18. d6 exd6 19. Nxd6 Qc5+ 20. Kh1 Bc6 21. e7
Rf7 22. Qe6 Be8 23. Nxf7 Bxf7 24. Rd8+ 1-0

[Event "4NCL/Div3/WWKS2 vs. KJCAK"]
[Site "Hinckley Island ENG"]
[Date "2010.02.20"]
[Round "5.3"]
[White "Fallowfield, Jeremy"]
[Black "Bayliss, Lyall CP"]
[Result "1/2-1/2"]
[WhiteElo "2048"]
[BlackElo "1960"]
[PlyCount "37"]
[EventDate "2010.02.20"]
[SourceDate "2009.10.24"]

1. d4 Nf6 2. Nf3 d5 3. c4 g6 4. cxd5 Nxd5 5. e4 Nb6 6. h3 Bg7 7. Nc3 O-O 8. Be2
N8d7 9. Bg5 c6 10. Qd2 f6 11. Be3 e5 12. dxe5 Nxe5 13. Nxe5 Qxd2+ 14. Kxd2 fxe5
15. Kc2 Be6 16. b3 Bf6 17. Bc5 Rfd8 18. Rhd1 Kf7 19. Rxd8 1/2-1/2

[Event "4NCL/Div3/WWKS2 vs. KJCAK"]
[Site "Hinckley Island ENG"]
[Date "2010.02.20"]
[Round "5.4"]
[White "Lunn, Matthew"]
[Black "Weaving, Richard"]
[Result "1/2-1/2"]
[WhiteElo "1905"]
[BlackElo "2098"]
[PlyCount "55"]
[EventDate "2010.02.20"]
[SourceDate "2009.10.24"]

1. d4 d5 2. c4 e6 3. Nc3 Nf6 4. cxd5 exd5 5. Bg5 c6 6. e3 Bf5 7. Bd3 Bxd3 8.
Qxd3 Be7 9. Nge2 O-O 10. O-O Nbd7 11. f3 Re8 12. Rfe1 Nb6 13. Rad1 Nc4 14. Qb1
h6 15. Bxf6 Bxf6 16. e4 dxe4 17. Nxe4 g6 18. Qc1 Nd6 19. Nxf6+ Qxf6 20. d5 Nf5
21. dxc6 Rac8 22. Nc3 Rxe1+ 23. Rxe1 Qd4+ 24. Kf1 Rxc6 25. Re4 Qc5 26. Qf4 Rb6
27. Qd2 Rd6 28. Qf4 1/2-1/2

[Event "4NCL/Div3/WWKS2 vs. KJCAK"]
[Site "Hinckley Island ENG"]
[Date "2010.02.20"]
[Round "5.5"]
[White "Cooper, David M"]
[Black "Maguire, Robert"]
[Result "0-1"]
[WhiteElo "2098"]
[BlackElo "1825"]
[PlyCount "46"]
[EventDate "2010.02.20"]
[SourceDate "2009.10.24"]

1. e4 e5 2. Nf3 Nc6 3. d4 exd4 4. Nxd4 Nf6 5. Nxc6 bxc6 6. Qd4 d5 7. Nc3 Be7 8.
Bg5 O-O 9. e5 Nd7 10. Bf4 Nc5 11. Bg3 Bf5 12. Bd3 Nxd3+ 13. cxd3 Rb8 14. O-O
Rb4 15. Qxa7 Bxd3 16. Rfd1 Bf5 17. b3 d4 18. Na4 Bc2 19. Rd2 d3 20. Nb2 Qd4 21.
Qxd4 Rxd4 22. a3 Ra8 23. b4 Bxb4 0-1

[Event "4NCL/Div3/WWKS2 vs. KJCAK"]
[Site "Hinckley Island ENG"]
[Date "2010.02.20"]
[Round "5.6"]
[White "Gahir, Jasdeep"]
[Black "Pickering, Carl"]
[Result "0-1"]
[WhiteElo "1844"]
[BlackElo "1946"]
[PlyCount "84"]
[EventDate "2010.02.20"]
[SourceDate "2009.10.24"]

1. e4 c5 2. Nf3 e6 3. d4 cxd4 4. Nxd4 a6 5. Bd3 Bc5 6. Nb3 Be7 7. Qg4 g6 8. Qe2
d6 9. Nc3 Nd7 10. Be3 Qc7 11. O-O h5 12. f4 Ngf6 13. f5 Ne5 14. Nd4 Nfg4 15.
fxg6 fxg6 16. Bd2 Qc5 17. Bb5+ axb5 18. Qxb5+ Bd7 19. Qxc5 dxc5 20. Nde2 Rf8
21. h3 Rxf1+ 22. Rxf1 Nf6 23. Bf4 Nc6 24. Bg5 Ng8 25. Be3 Bd6 26. Nb5 Be5 27.
Bxc5 O-O-O 28. Bb6 Re8 29. Nc1 Nb4 30. Na3 Bc7 31. Be3 Bc6 32. c3 Na6 33. b4
Bxe4 34. b5 Nb8 35. b6 Be5 36. Nc4 Nc6 37. Rf7 Bg3 38. Ne2 Bb8 39. Nf4 Ne5 40.
Nxe5 Bxe5 41. Ne2 Ne7 42. Nd4 Nd5 0-1

[Event "4NCL/Div3/3CS vs. NOTT1"]
[Site "Hinckley Island ENG"]
[Date "2010.02.20"]
[Round "5.1"]
[White "Ashton, Adam G"]
[Black "Richmond, Robert J"]
[Result "1-0"]
[WhiteElo "2316"]
[BlackElo "2200"]
[PlyCount "67"]
[EventDate "2010.02.20"]
[SourceDate "2009.10.24"]

1. e4 e6 2. Nf3 d5 3. Nc3 Bb4 4. e5 c5 5. Nb5 Nc6 6. a3 Ba5 7. b4 Bb6 8. bxc5
Bxc5 9. d4 Be7 10. Bd3 a6 11. Nc3 Bd7 12. O-O h5 13. Ne2 b5 14. c3 Na5 15. Ne1
Qc7 16. Bc2 Rc8 17. Nd3 Kf8 18. Ndf4 g5 19. Nd3 Nh6 20. Nc5 Bxc5 21. dxc5 Rg8
22. Nd4 Qxe5 23. Qxh5 Qg7 24. h4 e5 25. Bxg5 Rh8 26. Qf3 exd4 27. Bf6 Qg4 28.
Qxd5 Bc6 29. Qd6+ Kg8 30. f3 Nf5 31. fxg4 Nxd6 32. cxd6 Rh6 33. cxd4 Bxg2 34.
d7 1-0

[Event "4NCL/Div3/3CS vs. NOTT1"]
[Site "Hinckley Island ENG"]
[Date "2010.02.20"]
[Round "5.2"]
[White "Walker, Andrew N"]
[Black "Longson, Alexander"]
[Result "1/2-1/2"]
[WhiteElo "2087"]
[BlackElo "2249"]
[PlyCount "52"]
[EventDate "2010.02.20"]
[SourceDate "2009.10.24"]

1. e4 e5 2. Nf3 Nc6 3. Bb5 Nf6 4. O-O Nxe4 5. Re1 Nd6 6. Nxe5 Be7 7. Ba4 Nxe5
8. Rxe5 O-O 9. d4 Bf6 10. Re1 Nf5 11. c3 d5 12. Bf4 c6 13. Nd2 Nd6 14. Qf3 Be6
15. Bc2 Qd7 16. Be5 Bxe5 17. Rxe5 f6 18. Re3 Bf5 19. Bxf5 Nxf5 20. Re2 Rae8 21.
Rae1 Nd6 22. Re3 Rxe3 23. Rxe3 Re8 24. Qe2 Kf8 25. Rxe8+ Qxe8 26. Qxe8+ Kxe8
1/2-1/2

[Event "4NCL/Div3/3CS vs. NOTT1"]
[Site "Hinckley Island ENG"]
[Date "2010.02.20"]
[Round "5.3"]
[White "Jaunooby, Ali Reza"]
[Black "Coates, David H"]
[Result "1-0"]
[WhiteElo "2171"]
[BlackElo "2069"]
[PlyCount "83"]
[EventDate "2010.02.20"]
[SourceDate "2009.10.24"]

1. d4 Nf6 2. c4 g6 3. g3 Bg7 4. Bg2 O-O 5. Nc3 d6 6. e3 Nbd7 7. Nge2 e5 8. h3
c6 9. b3 Re8 10. g4 h6 11. d5 cxd5 12. cxd5 Nb6 13. e4 Bd7 14. Be3 a5 15. a4
Nc8 16. Qd2 Kh7 17. f3 Na7 18. h4 Ng8 19. Ng3 b6 20. Bf1 Rf8 21. Bd3 Ne7 22. h5
g5 23. Qf2 Nec8 24. Rc1 f6 25. O-O Rf7 26. Rc2 Bf8 27. Rfc1 Be8 28. Qe2 Rb8 29.
Ba6 Bd7 30. Nb1 Kg8 31. Na3 Be8 32. Rc3 Bd7 33. Qc2 Re7 34. Nf5 Re8 35. Rc7 Kh8
36. Qc4 Kg8 37. Nb5 Ra8 38. Nxa7 Rxa7 39. Rxc8 Bxc8 40. Bxc8 Kh8 41. Qc6 Kg8
42. Bxb6 1-0

[Event "4NCL/Div3/3CS vs. NOTT1"]
[Site "Hinckley Island ENG"]
[Date "2010.02.20"]
[Round "5.4"]
[White "Levens, David G"]
[Black "Bentley, John L"]
[Result "1/2-1/2"]
[WhiteElo "1986"]
[BlackElo "2237"]
[PlyCount "63"]
[EventDate "2010.02.20"]
[SourceDate "2009.10.24"]

1. e4 c5 2. Nf3 Nc6 3. d4 cxd4 4. Nxd4 g6 5. Nc3 Bg7 6. Be3 Nf6 7. Bc4 Qa5 8.
O-O O-O 9. Bb3 d6 10. h3 Bd7 11. f4 Nxd4 12. Bxd4 Bc6 13. Nd5 Bxd5 14. exd5 Nd7
15. Bxg7 Kxg7 16. Qd4+ f6 17. Rae1 Rfe8 18. Re2 Qc5 19. Qxc5 Nxc5 20. Rfe1 Kf7
21. Re3 Rac8 22. c4 Nxb3 23. axb3 b5 24. Ra1 bxc4 25. Rxa7 cxb3 26. Rxb3 Rc4
27. g3 Re4 28. Kf2 Rc8 29. Kf3 f5 30. Rab7 Rc1 31. R3b6 Rh1 32. Rxd6 1/2-1/2

[Event "4NCL/Div3/3CS vs. NOTT1"]
[Site "Hinckley Island ENG"]
[Date "2010.02.20"]
[Round "5.5"]
[White "James, Dale R"]
[Black "Truman, Richard G"]
[Result "1-0"]
[WhiteElo "2171"]
[BlackElo "2015"]
[PlyCount "67"]
[EventDate "2010.02.20"]
[SourceDate "2009.10.24"]

1. e4 c5 2. Nc3 Nc6 3. f4 g6 4. Nf3 Bg7 5. Bb5 Nd4 6. O-O Nxb5 7. Nxb5 d5 8. e5
a6 9. Nc3 e6 10. d4 cxd4 11. Ne2 Ne7 12. Nexd4 O-O 13. b3 Qa5 14. a4 Bd7 15.
Ba3 Rfe8 16. Bd6 Nc8 17. Ba3 Ne7 18. Kh1 Rac8 19. Qe2 Nc6 20. Bb2 Qc7 21. Rac1
Na7 22. Qf2 b5 23. axb5 Nxb5 24. Ra1 Qb7 25. Nxb5 Bxb5 26. Rfd1 Qc7 27. Nd4 Qc5
28. Qg3 Rc7 29. c3 Rec8 30. Rdc1 Qb6 31. Qe3 a5 32. g4 Bc4 33. bxc4 Qxb2 34.
Rcb1 1-0

[Event "4NCL/Div3/3CS vs. NOTT1"]
[Site "Hinckley Island ENG"]
[Date "2010.02.20"]
[Round "5.6"]
[White "Kingston, Ian"]
[Black "Clements, Thomas A"]
[Result "0-1"]
[WhiteElo "1999"]
[BlackElo "1962"]
[PlyCount "92"]
[EventDate "2010.02.20"]
[SourceDate "2009.10.24"]

1. e4 g6 2. d4 Bg7 3. Nc3 d6 4. Be3 a6 5. Nf3 b5 6. a3 Bb7 7. Be2 Nd7 8. O-O
Rc8 9. Qd2 c5 10. d5 h5 11. Ng5 Ngf6 12. f4 Nb6 13. f5 gxf5 14. Rxf5 Qd7 15.
Raf1 Qc7 16. Nd1 Nbd7 17. Nf2 Ne5 18. Nfh3 Kd7 19. Bf4 Rcf8 20. Bxe5 dxe5 21.
Qc3 Ke8 22. Nf2 Bc8 23. Rf3 Bh6 24. h4 Rhg8 25. Nfh3 Bxh3 26. Rxh3 Bxg5 27.
hxg5 Nxe4 28. Qe3 Nxg5 29. Rxh5 f6 30. a4 c4 31. axb5 axb5 32. b3 Rh8 33. bxc4
bxc4 34. Ra1 Kf7 35. Ra7 Qd6 36. Rxg5 fxg5 37. Bxc4 e4 38. g3 Rc8 39. Qf2+ Qf6
40. Bb3 Qxf2+ 41. Kxf2 Kf6 42. Ke3 Rc3+ 43. Kxe4 Rxg3 44. Ra6+ Kg7 45. Kf5 Rf8+
46. Ke6 Rf6+ 0-1

[Event "4NCL/Div3/NOTT2 vs. RHYE"]
[Site "Hinckley Island ENG"]
[Date "2010.02.20"]
[Round "5.1"]
[White "Flynn, David"]
[Black "Jones, Richard S"]
[Result "0-1"]
[WhiteElo "2053"]
[BlackElo "2332"]
[PlyCount "70"]
[EventDate "2010.02.20"]
[SourceDate "2009.10.24"]

1. e4 c5 2. c3 Nf6 3. e5 Nd5 4. d4 cxd4 5. cxd4 d6 6. Nf3 Nc6 7. Bc4 Nb6 8. Bb5
Bd7 9. Nc3 dxe5 10. Nxe5 Nxe5 11. dxe5 Bxb5 12. Qxd8+ Rxd8 13. Nxb5 a6 14. Nc3
e6 15. O-O Be7 16. Bf4 O-O 17. Rfd1 Nc4 18. Rxd8 Rxd8 19. b3 Nb2 20. Be3 Nd3
21. f4 g5 22. fxg5 Nxe5 23. Ne4 Rd5 24. h3 Nc6 25. Nf6+ Bxf6 26. gxf6 h5 27. g4
hxg4 28. hxg4 Ne5 29. Kh1 Nxg4 30. Bb6 Nxf6 31. Rc1 Rd7 32. Rg1+ Kh7 33. Ba5
Rd5 34. Bc3 Rh5+ 35. Kg2 Rg5+ 0-1